Zo starej Bratislavy

Bibliographic Details
Main Authors: Janota, Igor, 1921-2008 (Author), Janda, Igor (Author)
Format: Article
Language:Slovak
PhysicalDescription:Fot. 1. Obr. 1.
Subjects:

MARC

LEADER 00000nab a2200000 a 4500
001 vtls000392847
003 SK-MaSNL
005 20260302223343.0
008 220422c1990 xo 0 slo
015 |a SNBRB19rr/mm-uuuuu 
035 |a CL0392971 
040 |a SNKBUCL  |b slo  |c SNKBUCL  |e AACR2 
041 0 |a slo 
044 |a xo  |c SK 
080 |a 616-051  |2 1981 
080 |a 101-051  |2 1981 
080 |a 5-051  |2 1981 
080 |a 929 Paracelsus  |2 1981 
100 1 |a Janota, Igor,  |d 1921-2008  |4 aut  |9 134088 
245 1 0 |a Zo starej Bratislavy  |c Igor Janota ; Igor Janda, Paracelsus 
300 |b Fot. 1. Obr. 1. 
600 1 7 |a Paracelsus,  |d 1493-1541  |2 snkbucl  |9 129619 
651 7 |a 5100  |2 snkbucl  |9 166206 
655 7 |a články z novín a časopisov  |2 snkbucl  |9 267496 
700 1 |a Janda, Igor  |4 aut  |9 952871 
773 0 |t Sloboda  |g Roč. 45, č. 37 (1990), s. 4 
850 |a Slovenská národná knižnica v Martine  |a MTA001 
852 |a SNK  |b KIS3GCP 
958 |a RK 
958 |a ME 
992 |a RBX 
999 |c 1520105  |d 1522035